000 00554nam a22001697a 4500
003 OSt
005 20171010095514.0
008 120813t xxu||||| |||| 00| 0 eng d
040 _aMMSU
_cULS
100 _aGudoy, Leticia F.
_912131
245 _aEnvironmental factors of research productivity of a state university
_cLeticia F. Gudoy
260 _c1992
300 _axvii, 132 leaves
_c28 cm.
500 _aThesis (Ed.D.) -- Mariano Marcos State University-Graduate School, Laoag City
504 _aBibliography: leaves 119-124
942 _2ddc
_cTHEDIS
999 _c9717
_d9717